000
00317nam a2200121Ia 4500
008
220204s9999 xx 000 0 und d
082
_a
681.31NET
_b
ZAC
100
_a
Doyle, Paul
245
0
_a
Upgrading and repairing networks
260
_a
Indianapolis
_b
Que Corpration
_c
1996
700
_a
Zacker, Craig
942
_c
BK
999
_c
41377
_d
41377